MARC details
| 000 -LEADER |
| fixed length control field |
01587nas a22003257a 4500 |
| 005 - DATE AND TIME OF LATEST TRANSACTION |
| control field |
20250513132802.0 |
| 007 - PHYSICAL DESCRIPTION FIXED FIELD--GENERAL INFORMATION |
| fixed length control field |
cr |
| 008 - FIXED-LENGTH DATA ELEMENTS--GENERAL INFORMATION |
| fixed length control field |
220805s ||||| |||| 00| 0 spa d |
| 022 ## - INTERNATIONAL STANDARD SERIAL NUMBER |
| International Standard Serial Number |
0717-5906 (impresa) |
| 022 ## - INTERNATIONAL STANDARD SERIAL NUMBER |
| International Standard Serial Number |
1726-569-X (en línea) |
| 245 00 - TITLE STATEMENT |
| Title |
Acta Bioethica / |
| Statement of responsibility, etc |
Centro Interdisciplinario de Estudios en Bioética. Universidad de Chile |
| 260 ## - PUBLICATION, DISTRIBUTION, ETC. (IMPRINT) |
| Place of publication, distribution, etc |
Santiago de Chile : |
| Name of publisher, distributor, etc |
Universidad de Chile, |
| Date of publication, distribution, etc |
2000 - |
| 300 ## - PHYSICAL DESCRIPTION |
| Extent |
impresa y en línea |
| 310 ## - CURRENT PUBLICATION FREQUENCY |
| Current publication frequency |
Semestral |
| 362 ## - DATES OF PUBLICATION AND/OR SEQUENTIAL DESIGNATION |
| Dates of publication and/or sequential designation |
Vol. 6, No. 1 (jun 2000) - |
| 515 ## - NUMBERING PECULIARITIES NOTE |
| Numbering peculiarities note |
La numeración de la revista comienza en el Número 1 del Volúmen 6 dado que continúa con el contenido de la publicación “Cuadernos del Programa Regional de Bioética”. La publicación mencionada fue editada por la Organización Panamericana de la salud y la Universidad de Chile, desde septiembre de 1995 hasta diciembre de 1998.<br/><br/> |
| Source of note information (SE) [OBSOLETE] |
https://actabioethica.uchile.cl/index.php/AB/article/view/16933/17637 |
| 650 27 - SUBJECT ADDED ENTRY--TOPICAL TERM |
| Source of heading or term |
desc |
| 9 (RLIN) |
2009 |
| Topical term or geographic name as entry element |
BIOETICA |
| 650 27 - SUBJECT ADDED ENTRY--TOPICAL TERM |
| Source of heading or term |
desc |
| 9 (RLIN) |
4904 |
| Topical term or geographic name as entry element |
CONSENTIMIENTO INFORMADO |
| 650 27 - SUBJECT ADDED ENTRY--TOPICAL TERM |
| Source of heading or term |
desc |
| 9 (RLIN) |
5303 |
| Topical term or geographic name as entry element |
EUTANASIA |
| 650 27 - SUBJECT ADDED ENTRY--TOPICAL TERM |
| Source of heading or term |
desc |
| 9 (RLIN) |
8309 |
| Topical term or geographic name as entry element |
CUIDADOS PALIATIVOS |
| 650 27 - SUBJECT ADDED ENTRY--TOPICAL TERM |
| Source of heading or term |
desc |
| 9 (RLIN) |
11615 |
| Topical term or geographic name as entry element |
RELACIONES ENFERMERO-PACIENTE |
| 650 27 - SUBJECT ADDED ENTRY--TOPICAL TERM |
| Source of heading or term |
unescot |
| 9 (RLIN) |
972 |
| Topical term or geographic name as entry element |
DISCAPACIDAD |
| 650 27 - SUBJECT ADDED ENTRY--TOPICAL TERM |
| Source of heading or term |
desc |
| 9 (RLIN) |
8611 |
| Topical term or geographic name as entry element |
DERECHOS SEXUALES Y REPRODUCTIVOS |
| 650 20 - SUBJECT ADDED ENTRY--TOPICAL TERM |
| Topical term or geographic name as entry element |
TRANSPLANTE |
| 9 (RLIN) |
14785 |
| 710 2# - ADDED ENTRY--CORPORATE NAME |
| 9 (RLIN) |
14737 |
| Corporate name or jurisdiction name as entry element |
Universidad de Chile. |
| Subordinate unit |
Centro Interdisciplinario de Estudios en Bioética |
| 856 41 - ELECTRONIC LOCATION AND ACCESS |
| Uniform Resource Identifier |
<a href="https://actabioethica.uchile.cl/index.php/AB/about">https://actabioethica.uchile.cl/index.php/AB/about</a> |
| 869 ## - Existencias |
| Año |
---- |
| 942 ## - ADDED ENTRY ELEMENTS (KOHA) |
| Source of classification or shelving scheme |
Dewey Decimal Classification |
| Item type |
Revista electrónica |
| 980 ## - EQUIVALENCE OR CROSS-REFERENCE-SERIES STATEMENT--PERSONAL NAME/TITLE [LOCAL, CANADA] |
| Linkage |
19227 |
| Personal name |
Leticia Ana Abalos |
| Field link and sequence number |
2 |
| Miscellaneous information |
Virginia Figueroa |